Ekonomičeskije problemy naučnych issledovanij.

Uložené v:
Podrobná bibliografia
Hlavný autor: Nikolajev, Aleksej Borisovič
Médium: Kniha
Jazyk:Russian
Vydané: Moskva : Znanije, 1969.
Fyzický popis: 46 strán.
Tagy: Pridať tag
Žiadne tagy, Buďte prvý kto otaguje tento záznam!

MARC

LEADER 00000nam a22000002i 4500
001 000657607
005 20210216120357.0
008 210216s1969 ru e 000 0 rus d
020 |c Kčs 1,00  |q (brožované) 
040 |a SVKKK  |b slo  |c SVKKK  |e rda 
100 1 |a Nikolajev, Aleksej Borisovič 
245 1 0 |a Ekonomičeskije problemy naučnych issledovanij. 
264 1 |a Moskva :  |b Znanije,  |c 1969. 
300 |a 46 strán. 
336 |a text  |b txt  |2 rdacontent 
337 |a bez média  |b n  |2 rdamedia 
338 |a zväzok  |b nc  |2 rdacarrier 
500 |a Záznam revízie 
700 1 |4 aut 
910 |a svkkk 
998 |a BK 
090 |g SCKHL  |k Sklad Pribinova 2. posch.  |a III.97573  |j 432996  |i 2720771376  |4 Zastaraná  |s Vyradená